| 000 | 00735cam a2200217 i 4500 | ||
|---|---|---|---|
| 005 | 20251109095004.0 | ||
| 008 | 250721s1997 ts gr 000 0 ara d | ||
| 041 | 1 |
_aara _heng |
|
| 082 | 1 | 4 |
_a155.35 _bب و ن |
| 100 | 1 |
_aبونو، إدوارد دي _eمؤلف. |
|
| 240 | 1 | 0 | _alateral thinking. |
| 245 | 1 | 2 |
_aالتفكير الإبداعي / _cتأليف ادوارد دي بونو ؛ ترجمة خليل الجيوسي. |
| 250 | _aالطبعة الأولى. | ||
| 264 | 3 | 1 |
_aابوظبي : _bالمجمع الثقافي، _c1997. |
| 300 | _a373 صفحة. | ||
| 650 | 1 | 7 | _aالإبداعية. |
| 650 | 1 | 7 | _aالتفكير. |
| 700 | 1 |
_aالحيوسي، خليل _eمترجم. |
|
| 942 |
_2ddc _cBK |
||
| 999 |
_c3078 _d3078 |
||